| 000 | 00746nam a2200205 i 4500 | ||
|---|---|---|---|
| 001 | 126187 | ||
| 003 | ES-MaACL | ||
| 005 | 20250701021850.0 | ||
| 007 | t| | ||
| 008 | 070214s1974 sp |||| | spa d | ||
| 245 | 0 | 0 |
_aRelatos italianos del siglo XX / _cprólogo, selección y notas bio-bibliográficas de Guido Davico Bonino ; [traductores: Mª Esther Benítez y José Antonio Sánchez Ferlosio]. |
| 260 |
_aMadrid : _bAlianza, _c1974. |
||
| 300 |
_a461 p. ; _c18 cm. |
||
| 650 | 4 |
_aCuentos italianos- _yS.XX. _9166681 |
|
| 700 | 1 |
_aDavico Bonino, Guido. _942864 |
|
| 700 | 1 |
_aBenítez, Esther, _d1937-2001 _927600 |
|
| 700 | 1 |
_aSánchez Ferlosio, José Antonio. _9102632 |
|
| 852 |
_aES-MaACL _jC-56412 |
||
| 999 |
_c126187 _d126187 |
||